Passing assessments for the award in education and training
Đã lưu trong:
| Tác giả chính: | |
|---|---|
| Định dạng: | Sách |
| Ngôn ngữ: | Tiếng Anh |
| Được phát hành: |
SAGE Publications
2013
|
| Các nhãn: |
Thêm thẻ
Không có thẻ, Là người đầu tiên thẻ bản ghi này!
|
MARC
| LEADER | 00000nam a22000007a 4500 | ||
|---|---|---|---|
| 008 | 211028b ||||| |||| 00| 0 eng d | ||
| 020 | |a 9781446274378 | ||
| 100 | |a Gravells, Ann. | ||
| 245 | |a Passing assessments for the award in education and training |c Ann Gravells. |g IX, 125p. | ||
| 260 | |b SAGE Publications |c 2013 |h Los Angeles |i 692493 |i 692494 |l LC 5256 .G78 |m Adult education teachers--Training of. Adult learning. | ||
| 500 | |a It includes bibliographical references and index. | ||
| 942 | |a lcc |c BK |e Adeyeye Y. S. |f 28/10/21 | ||
| 952 | |0 0 |1 0 |2 lcc |4 0 |6 LC5256 G78 |7 0 |9 3904 |a HOL |b HOL |c LP |d 2021-11-23 |l 0 |o LC5256.G78 |p 2021-67629 |r 2021-11-23 00:00:00 |t 692493 |w 2021-11-23 |y BK | ||
| 952 | |0 0 |1 0 |2 lcc |4 0 |6 LC5256 G78 |7 0 |9 3905 |a HOL |b HOL |c LP |d 2021-11-23 |l 0 |o LC5256.G78 |p 2021-67630 |r 2021-11-23 00:00:00 |t 692494 |w 2021-11-23 |y BK | ||
| 999 | |c 1870 |d 1870 | ||